| 000 | 00716nam a2200193 i 4500 | ||
|---|---|---|---|
| 001 | 189104 | ||
| 003 | SpMaBN | ||
| 005 | 20240501063102.0 | ||
| 008 | 190329s1931 sp |||| | spa d | ||
| 080 | _a821.131.1-83"18" | ||
| 100 | 1 |
_aLeopardi, Giacomo, _d1798-1837 _971704 |
|
| 245 | 1 | 0 |
_aDiálogos / _cGiacomo Leopardi ; la traducción del italiano ha sido hecha por Álvaro Martín. |
| 260 |
_aMadrid : _bEspasa-Calpe, _c1931. |
||
| 300 |
_a185 p. ; _c16 cm. |
||
| 490 | 1 |
_aColección universal ; _v1.218-1.219 |
|
| 830 | 0 |
_aColección universal ; _v1.218-1.219 _9181688 |
|
| 852 |
_aES-MaACL _jL-32272 _z. - Donat. herederos de la bibl. de Mª del Pilar Costa Palacín |
||
| 999 |
_c189104 _d189104 |
||